000 02097nam a2200421Ia 4500
001 dia_5398
003 CHAP
005 20240618184944.0
007 ta
008 220117s2014 mx abdofr 001 0 spa d
040 _cCHAP
_amxchpua
090 _aT.C.626
_bC68 SAI
_c2014
245 1 0 _aAnálisis del sistema producto porcino /
_ccoordinadores Ignacio Covarrubias Gutiérrez y Vicente López Bautista ; colaboradores Isabel Bravo Cruz...[et al.]
260 _aMéxico :
_bEl autor,
_c2014
300 _aiii, 68 hojas :
_bilustraciones, mapas, gráficas, diagramas, tablas, fotos +
_e1 CD-ROM
336 _2rdacontent
_atexto
_btxt
337 _2rdamedia
_ano mediado
_bn
338 _2rdacarrier
_avolumen
_bnc
500 _a6° año Grupo 2 -- El CD contiene solo reporte. -- Directorio: h. 65-68
502 _aViaje de estudios
_b(SAI) --
_cUACh. Departamento de Ingeniería Agroindustrial,
_d2014
504 _aBibliografía: hoja 37
505 _aEmpresas visitadas:
_t1. SAGARPA -- 2. ASERCA -- 3. Asociación Ganadera Local de Porcicultores de Mérida -- 4. Mercado grande -- 5. Distribuidora Mayorista y Minorista de Carne -- 6. Maxicarne -- 7. Grupo Porcicola San Gerardo -- 8. Grupo Porcícola Yucatán -- 9. Abastos de Mérida - Rastro Municipal -- 10. FOGYSA -- 11. FIRA -- 12. COFOYUC (Comité Estatal de Fomento y Protección Pecuaria Yucatán)
650 1 3 _aCarne de puerco
_xMercadeo
_9142152
_zMéxico
650 1 3 _aCarne de puerco
_xProducción
_9158494
_zMéxico
650 1 3 _aPork
_xMarketing
_9158495
_zMexico
650 1 3 _aPork
_xProduction
_9158496
_zMéxico
700 1 _aCovarrubias Gutiérrez, Ignacio
_928697
_ecoordinador
700 1 _aLópez Bautista, Vicente
_9147030
_ecoordinador
700 1 _aBravo Cruz, Isabel
_9132943
_ecolaboradora
856 4 2 _uhttp://10.13.5.2/ve/TC626SAI/TC626SAI2014-REPORTE.pdf
_yDESCARGAR REPORTE
901 _aT.C.626 C68 SAI 2014
902 _aM
905 _a5232272014 mx dnml8223123322spa16
942 _2local
942 _cVE
999 _c176317
_d176317